Sorting Gallery: Star Wars Deaths Quiz Stats

 Plays Quiz Updated May 4, 2018

Also try: Star Wars Stuff
Challenge
Share
Tweet
Embed
Score 0/21 Timer 04:00
0 Plays Today
% Correct
Obi-Wan Kenobi
89.8%
Darth Vader
89.1%
Emperor Palpatine
86%
Owen Lars
85.5%
Beru Lars
84.8%
Greedo
84.6%
Jabba the Hutt
84.3%
Han Solo
82.9%
Yoda
81%
Padmé Amidala
78.3%
Mace Windu
77.2%
% Correct
Count Dooku
75.9%
Jango Fett
75.2%
Grand Moff Tarkin
74.1%
General Grievous
73.6%
Bail Organa
71.8%
Shmi Skywalker
71.7%
Lor San Tekka
58.8%
Admiral Piett
53.8%
Zam Wesell
48.8%
Admiral Ozzel
37%

You're not logged in!

Compare scores with friends on all Sporcle quizzes.
OR
Log In

You Might Also Like...

Show Comments

Extras

Top Quizzes Today


Score Distribution

Your Account Isn't Verified!

In order to create a playlist on Sporcle, you need to verify the email address you used during registration. Go to your Sporcle Settings to finish the process.

Report this User

Report this user for behavior that violates our Community Guidelines.

Details: